• 首页
  • 本馆介绍
  • 公告通知
  • 最新文献
  • 馆藏检索
  • 电子资源
  • 读者导购
  • 参考咨询
  • 我的图书馆
  • 登录
  • 详细信息显示
  • 放入我的书架
  • 预约/预借图书
  • 作者相关作品
  • 分类相关作品
  • 丛书相关作品
  • 出版社相关作品

书目信息

  • 表格格式
  • 工作单格式
  • 卡片格式
题名:
西方美声唱法的演进及在中国的“本土化”发展
    
 
作者: 肖雪 著
分册:  
出版信息: 长春   吉林出版集团股份有限公司  2021.3
页数: 236页
开本: 24cm
丛书名:
单 册:
中图分类: J616.21
科图分类:
主题词: 美声唱法--发展--研究--中国
电子资源:
ISBN: 978-7-5581-8212-9
000 01023nam0 2200229 45
001 490123
005 20140817184754.0
010    @a978-7-5581-8212-9@dCNY58.00
100    @a20200929d2020 em y0chiy0110 ea
101 0  @achi
102    @aCN@b220000
105    @aag z 000yy
106    @ar
200 1  @a西方美声唱法的演进及在中国的“本土化”发展@Axi fang mei sheng chang fa de yan jin ji zai zhong guo de “ ben tu hua ” fa zhan@f肖雪著
210    @a长春@c吉林出版集团股份有限公司@d2021.3
215    @a236页@c图@d24cm
330    @a本书共五章。第一章对美声唱法的特点属性以及现状与教育问题进行整体上的概述。第二章对美声唱法的歌唱技巧进行分析,针对歌唱中的呼吸、发声与共鸣进行细致的论述。第三章与第四章是美声唱法的发展史,论述美声唱法在西方的演进以及进入中国后的发展。第五章论述美声唱法在中国艺术歌曲、民族歌曲、歌剧及音乐剧领域中的演唱实践与应用。
606 0  @a美声唱法@x发展@x研究@y中国
690    @aJ616.21@v5
701  0 @a肖雪@Axiao xue@4著
801    @aCN@b江苏凤凰@c20211018
905    @b1355725-8@dJ616.21@e1439@f4
    
    西方美声唱法的演进及在中国的“本土化”发展/肖雪著.-长春:吉林出版集团股份有限公司,2021.3
    236页:图;24cm
    
    
    ISBN 978-7-5581-8212-9:CNY58.00
    本书共五章。第一章对美声唱法的特点属性以及现状与教育问题进行整体上的概述。第二章对美声唱法的歌唱技巧进行分析,针对歌唱中的呼吸、发声与共鸣进行细致的论述。第三章与第四章是美声唱法的发展史,论述美声唱法在西方的演进以及进入中国后的发展。第五章论述美声唱法在中国艺术歌曲、民族歌曲、歌剧及音乐剧领域中的演唱实践与应用。
●
相关链接 在E读中查询图书 在五车中查询图书 在当当中查询图书 在豆瓣中查询图书


正题名:西方美声唱法的演进及在中国的"本土化"发展     索取号:J616.21/1439         预约/预借

序号 登录号 条形码 馆藏地/架位号 状态 备注
1 1355725   213557257   第一样本阅览室/ [索取号:J616.21/1439] 在馆    
2 1355726   213557266   第一借阅区/ [索取号:J616.21/1439] 在馆    
3 1355727   213557275   第一借阅区/ [索取号:J616.21/1439] 在馆    
4 1355728   213557284   第一借阅区/ [索取号:J616.21/1439] 在馆    
唐山师范学院图书馆 欢迎您!
大连网信软件有限公司© 版权所有